000 00830nam a22002057a 4500
003 0
005 20160609170033.0
008 101112t xxu||||| |||| 00| 0 eng d
040 _aBUAC
_bfr
_cBEPAC
100 _aAssani , Ganiou
_910846
245 _aDéterminants parentaux de la connaissance du paludisme , de la persuasion et des pratiques de la coartémothérapie et efficacité du COARTEM chez les enfants fébriles au Bénin : Cas des parents d'enfants de moins de cinq ans de l'arrondissement d'Adoukandji à Lalo (Bénin)
260 _aUAC-EPAC
_bUAC-EPAC
_c2006-2007
300 _a88p.
650 _aPALUDISME
_bCOARTEMOTHERAPIE
_910847
650 _aDETERMINANTS PARENTAUX
_bBENIN
_910848
650 _aCOARTEM
_bENFANT FEBRILE
_910849
650 _aPALUDISME
_910850
700 _aGodonou , Steve
_910851
942 _cTHE
999 _c48180
_d48180